Trang thiết bị kỹ thuật công trình

Zapisane w:
Opis bibliograficzny
1. autor: Trần, Thị Mỹ Hạnh
Format: Książka
Język:Undetermined
Wydane: H. Xây dựng 2001
Hasła przedmiotowe:
Dostęp online:http://lrc.tdmu.edu.vn/opac/search/detail.asp?aID=2&ID=3743
Etykiety: Dodaj etykietę
Nie ma etykietki, Dołącz pierwszą etykiete!
Thư viện lưu trữ: Trung tâm Học liệu Trường Đại học Thủ Dầu Một
LEADER 00612nam a2200193Ia 4500
001 TDMU_3743
008 210410s9999 xx 000 0 und d
082 |a 690.28 
090 |b T685 
100 |a Trần, Thị Mỹ Hạnh 
245 0 |a Trang thiết bị kỹ thuật công trình 
245 0 |c Trần Thị Mỹ Hạnh 
260 |a H. 
260 |b Xây dựng 
260 |c 2001 
300 |a 160tr. 
650 |a Trang thiết bị công trình 
856 |u http://lrc.tdmu.edu.vn/opac/search/detail.asp?aID=2&ID=3743 
980 |a Trung tâm Học liệu Trường Đại học Thủ Dầu Một